Vinyles tournant dans un mange-disque - Chanteurs francophones - Statistiques

Statistiques générales
  • Ce quiz a été pris 6 911 fois
  • Le résultat moyen est 5 sur 8
Réponses sur la Carte
Les réponses sont colorées sur une échelle allant du rouge au vert en fonction du pourcentage des utilisateurs qui les ont devinées à leur premier essai. Vous pouvez retrouver ces pourcentages ci-dessous.
 
Statistiques - réponses
Chanteurs % Correct
Johnny Hallyday
98%
Céline Dion
86%
Jean-Jacques Goldman
78%
Claude François
66%
Edith Piaf
59%
Mylène Farmer
44%
Georges Brassens
38%
Francis Cabrel
32%
Aucun quiz correspondant
Distribution des résultats
% des personnes avec chaque résultat
Percentile par nombre de réponses
Votre historique - résultats
Vous n’avez pas pris ce quiz